Culmina Foro Centroamericano de Derechos Humanos /

Guardado en:
Bibliografiske detaljer
Hovedforfatter: Chaves, Cristian
Format: Texto
Fag:
Tags: Tilføj Tag
Ingen Tags, Vær først til at tagge denne postø!

MARC

LEADER 00000 a a2200000 04500
001 2340
003
040
100 |a Chaves, Cristian  
245 |a Culmina Foro Centroamericano de Derechos Humanos /  |c Cristian Chaves 
650 |a DERECHOS HUMANOS  
650 |a DERECHOS CIVILES  
650 |a TRABAJO  
650 |a SALARIOS  
650 |a ADMINISTRACION DE JUSTICIA  
650 |a REPRESION  
650 |a AMERICA CENTRAL  
773 |g volumen 17, número 2; páginas 19-23  
999 |c 33938  |d 33938